000 01209cam a2200265 4500
001 J11481
008 020501n2001 000 0 eng u
035 _a(Sirsi) u117798
041 _aeng.
050 _a711.14
110 _aDepartment for Transport, Local Government and the Regions
_94091
245 _aCompulsory purchase and compensation: compensation to business owners and occupiers
260 _bDepartment for Transport, Local Government and the Regions
_c2001
300 _a26p.
_c30cm.
520 _aSecond in a series of five booklets which explain, in simple terms, how the compulsory purchase system works. Booklet 2 deals solely with the issue of compensation to owners and occupiers of business premises once a compulsory purchase order comes into place. Booklets 1-4 held only. For booklets 1, 3, and 4 see: J117797, J11482, J11483.
650 _aCOMPENSATION
650 _aPLANNING
650 _aLANDS TRIBUNAL
650 _aBLIGHT
650 _aPROPERTY-COMMERCIAL PROPERTY
650 _aCORPORATE OCCUPIERS
690 _aENVIRONMENTAL AND LAND CONSULTANCY-PLANNING AND DEVELOPMENT-COMPULSORY PURCHASE AND COMPENSATION
710 _aDrivers Jonas
_91941
942 _n0
999 _c102059
_d102059